[Event "Mistrovstvi Cech 2019 - HD12"]
[Site "Prichovice u Korenova"]
[Date "2019.10.30"]
[Round "5"]
[White "Levitner, Matej"]
[Black "Martirosyan, David"]
[Result "1/2-1/2"]
[WhiteElo "1347"]
[BlackElo "1441"]
[EventDate "2019.10.26"]

1. e4  c5  2. Nc3  Nc6
3. f4  d6  4. Nf3
g6  5. Bc4  Bg7
6. O-O  e6  7. d3  Nge7
8. Qe1  O-O  9. Qh4
d5  10. Bb3  Nd4
11. Bd2  dxe4  12. Nxe4
Nxf3+  13. Rxf3  Nf5
14. Qxd8  Rxd8  15. c3
b6  16. Bc2  Bb7
17. Rf2  Rd7  18. a4
Rad8  19. Rd1  Ba6
20. g4  Ne7  21. Bc1
Bb7  22. Rdd2  Nd5
23. Rde2  Nf6  24. Nxf6+
Bxf6  25. f5  exf5
26. gxf5  Bh4  27. Rf1
Rd6  28. Rd2  Bg5
29. Rdd1  Bxc1  30. Rxc1
Ba6  31. c4  Bc8
32. fxg6  fxg6  33. Rce1
Bf5  34. Re7  a5
35. Rf2  Bxd3  36. Bxd3
Rxd3  37. Rff7  Rd1+ 1/2-1/2

[Event "Mistrovstvi Cech 2019 - HD12"]
[Site "Prichovice u Korenova"]
[Date "2019.10.30"]
[Round "5"]
[White "Belaska, Vaclav"]
[Black "Bouska, Jiri"]
[Result "1/2-1/2"]
[WhiteElo "1339"]
[BlackElo "1457"]
[EventDate "2019.10.26"]

1. e4  c5  2. Nf3  Nc6
3. d4  cxd4  4. Nxd4
d5  5. Bb5  dxe4
6. Nxc6  Qxd1+  7. Kxd1
a6  8. Ba4  Bd7
9. Nxe7  Rd8  10. Bxd7+  Rxd7+
11. Ke2  Bxe7  12. Be3
f5  13. Nc3  Nf6
14. Rad1  Rxd1  15. Rxd1
Kf7  16. Nd5  Nxd5
17. Rxd5  Ke6  18. Rd2
g5  19. g3  h5
20. c4  h4  21. a3  hxg3
22. hxg3  Rc8  23. Rc2
a5  24. a4  Ke5
25. Bd2  Bd8  26. Bc3+  Ke6
27. Bd2  Bf6  28. Bxa5
f4  29. gxf4  gxf4
30. b4  Bg5  31. f3
e3  32. Bb6  Rh8
33. Bd4  Rh3  34. b5
Bh4  35. a5  Rh2+
36. Kd3  Rxc2  37. Kxc2
e2  38. Bc3  e1=Q
39. Bxe1  Bxe1  40. a6
bxa6  41. bxa6  Bf2
42. Kc3  Ke5  43. Kd3
Bd4  44. Kc2  Bc5
45. Kd3  Kd6  46. Ke4
Be3  47. a7  Bxa7
48. Kxf4  Bd4  49. Ke5+ 1/2-1/2

[Event "Mistrovstvi Cech 2019 - HD12"]
[Site "Prichovice u Korenova"]
[Date "2019.10.30"]
[Round "5"]
[White "Janouskova, Adela"]
[Black "Roubal, Matyas"]
[Result "1-0"]
[WhiteElo "1257"]
[BlackElo "1256"]
[EventDate "2019.10.26"]

1. e4  e5  2. Nf3  Nc6
3. c3  d5  4. Qa4
f6  5. Bb5  Nge7
6. exd5  Qxd5  7. O-O
Be6  8. d4  e4
9. Ne1  O-O-O  10. Nc2  a6
11. c4  Qd6  12. Bxc6
Qxc6  13. Qxc6  bxc6
14. b3  a5  15. Re1
f5  16. Bd2  a4
17. Nc3  axb3  18. axb3  Kb7
19. f3  c5  20. d5
c6  21. fxe4  fxe4
22. Nxe4  Bf5  23. Nxc5+
Kc7  24. Ba5+  Kc8
25. Bxd8  Kxd8  26. Nd4
Nxd5  27. Nce6+  Bxe6
28. Nxe6+  Ke7  29. cxd5
Kf7  30. Rf1+  Ke7
31. Ra7+  Kd6  32. Rxf8
Rxf8  33. Nxf8  cxd5
34. Rxg7  d4  35. Kf2
1-0

[Event "Mistrovstvi Cech 2019 - HD12"]
[Site "Prichovice u Korenova"]
[Date "2019.10.30"]
[Round "5"]
[White "Hrbek, Jachym"]
[Black "Tegda, Vojtech"]
[Result "1-0"]
[WhiteElo "1296"]
[BlackElo "1279"]
[PlyCount "71"]
[EventDate "2019.10.26"]

1. e4 e5 2. f4 Bc5 3. Nf3 d6 4. c3 Nf6 5. d4 Bb6 6. Bd3 Nc6 7. Na3 Bg4 8. d5
Ne7 9. Nc4 O-O 10. Nxb6 axb6 11. h3 Bxf3 12. Qxf3 c6 13. c4 b5 14. b3 bxc4 15.
bxc4 Qb6 16. fxe5 dxe5 17. Be3 Qb4+ 18. Kf2 Ng6 19. g3 Ra3 20. Qe2 cxd5 21.
exd5 e4 22. Bc2 b5 23. Bb3 bxc4 24. Qxc4 Qxc4 25. Bxc4 Rd8 26. Bb3 Nxd5 27.
Rhd1 Nge7 28. Bc5 Raa8 29. Rd4 e3+ 30. Ke1 e2 31. Kxe2 Nc3+ 32. Kd3 Ncd5 33.
Re1 Rd7 34. Bxe7 Rxe7 35. Bxd5 Ra3+ 36. Bb3 1-0

[Event "Mistrovstvi Cech 2019 - HD12"]
[Site "Prichovice u Korenova"]
[Date "2019.10.30"]
[Round "5"]
[White "Tichy, Tomas"]
[Black "Langmaier, Michal"]
[Result "1-0"]
[WhiteElo "1426"]
[BlackElo "1189"]
[PlyCount "53"]
[EventDate "2019.10.26"]

1. e4 c5 2. b4 cxb4 3. a3 Nc6 4. axb4 Nxb4 5. c3 Nc6 6. d4 d5 7. e5 Bf5 8. f4
Qb6 9. Bd3 Bxd3 10. Qxd3 e6 11. Nf3 Nge7 12. O-O Ng6 13. Bd2 Be7 14. f5 Ngxe5
15. Nxe5 Nxe5 16. Qg3 Bf6 17. Bg5 Nd7 18. fxe6 fxe6 19. Bxf6 gxf6 20. Qg7 O-O-O
21. Nd2 Rdg8 22. Qe7 e5 23. Rfb1 Qc7 24. Rxa7 Qxc3 25. Raxb7 Qxd4+ 26. Kh1 Rd8
27. Qd6 1-0

[Event "Mistrovstvi Cech 2019 - HD12"]
[Site "Prichovice u Korenova"]
[Date "2019.10.30"]
[Round "5"]
[White "Popov, Roman"]
[Black "Andrle, Filip"]
[Result "1-0"]
[WhiteElo "1461"]
[BlackElo "1420"]
[PlyCount "51"]
[EventDate "2019.10.26"]

1. e4 c6 2. Nf3 d5 3. Nc3 dxe4 4. Nxe4 Nd7 5. d4 Ngf6 6. Bd3 Nxe4 7. Bxe4 Nf6
8. Bd3 e6 9. O-O Be7 10. Re1 O-O 11. h3 b6 12. Ne5 Bb7 13. c4 c5 14. dxc5 Bxc5
15. Be3 Bd6 16. Bg5 Qc7 17. Bxf6 gxf6 18. Qg4+ Kh8 19. Qh5 f5 20. Nf3 Rg8 21.
Ng5 Rg7 22. Qh6 Rag8 23. h4 Bf4 24. Qf6 Bd6 25. Bf1 Be7 26. Nxf7# 1-0

[Event "Mistrovstvi Cech 2019 - HD12"]
[Site "Prichovice u Korenova"]
[Date "2019.10.30"]
[Round "5"]
[White "Pressler, Tobias"]
[Black "Prochazka, Matej"]
[Result "1-0"]
[WhiteElo "1550"]
[BlackElo "1149"]
[EventDate "2019.10.26"]
[PlyCount "69"]

1. e4 c6 2. d4 d5 3. exd5 cxd5 4. Bd3 Nf6 5. Nf3 Bg4 6. O-O e6 7. Bg5 Bxf3 8.
Qxf3 Be7 9. c3 h6 10. Bh4 O-O 11. Bc2 Nc6 12. Nd2 Rc8 13. Qd3 g6 14. Rae1 Qd7
15. Bb1 Rfd8 16. Re3 Kf8 17. Rf3 g5 18. Bg3 Ke8 19. Be5 Nxe5 20. dxe5 Ne4 21.
Nxe4 dxe4 22. Qxe4 Bf8 23. Qh7 f5 24. exf6 Qxh7 25. Bxh7 Rd7 26. Bc2 Kf7 27.
Bb3 Rc5 28. Re1 Rc6 29. Ba4 Bd6 30. Rfe3 Bf4 31. Bxc6 bxc6 32. Rxe6 Bd2 33.
Re7+ Rxe7 34. Rxe7+ Kxf6 35. Rxa7 1-0

[Event "Mistrovstvi Cech 2019 - HD12"]
[Site "Prichovice u Korenova"]
[Date "2019.10.30"]
[Round "5"]
[White "Veverkova, Dorota"]
[Black "Bartak, Josef"]
[Result "1-0"]
[WhiteElo "1222"]
[BlackElo "1425"]
[EventDate "2019.10.26"]
[PlyCount "69"]

1. e4 e5 2. Nf3 Nc6 3. d4 exd4 4. Bc4 Nf6 5. e5 d5 6. Bb5 Nd7 7. O-O Bc5 8.
Bxc6 bxc6 9. Nxd4 Bb7 10. f4 O-O 11. Be3 Nb6 12. Nd2 Be7 13. c3 c5 14. Nc2 Qd7
15. f5 f6 16. e6 Qc6 17. Rf3 Bd6 18. Qe2 a5 19. Qf2 Nc8 20. Qh4 d4 21. cxd4 Re8
22. Qg4 cxd4 23. Nxd4 Qb6 24. Qh5 Re7 25. Rh3 h6 26. Bxh6 gxh6 27. Qxh6 Qxd4+
28. Kh1 Bxg2+ 29. Kxg2 Qg4+ 30. Kh1 Qg7 31. Rg1 Qxg1+ 32. Kxg1 Bc5+ 33. Kh1 Rh7
34. Qxh7+ Kf8 35. Qf7# 1-0

[Event "Mistrovstvi Cech 2019 - HD12"]
[Site "Prichovice u Korenova"]
[Date "2019.10.30"]
[Round "5"]
[White "Marsik, Ondrej"]
[Black "Mikolas, Petr"]
[Result "1-0"]
[WhiteElo "1304"]
[BlackElo "1438"]
[PlyCount "105"]
[EventDate "2019.10.26"]

1. e4 e5 2. Nc3 Nf6 3. f4 exf4 4. e5 Ng8 5. d4 Bb4 6. Bxf4 Ne7 7. Bd3 Nbc6 8.
Nf3 Nd5 9. Bd2 Nxc3 10. Bxc3 Bxc3+ 11. bxc3 d6 12. exd6 Qxd6 13. Qe2+ Qe6 14.
O-O O-O 15. Qxe6 Bxe6 16. Ng5 h6 17. Nxe6 fxe6 18. Rxf8+ Kxf8 19. Rb1 Na5 20.
Rf1+ Ke7 21. Re1 Kd6 22. c4 Nc6 23. c3 e5 24. Be4 exd4 25. Bxc6 Kxc6 26. cxd4
Rd8 27. Rd1 a6 28. Kf2 Re8 29. Rc1 Re4 30. Rd1 b5 31. Rc1 Kd6 32. cxb5 axb5 33.
Rb1 c6 34. a4 bxa4 35. Rb4 Kd5 36. Rxa4 c5 37. Ra7 Kxd4 38. Rxg7 c4 39. Rg6 c3
40. Rxh6 c2 41. Rc6 c1=Q 42. Rxc1 Kd5 43. Rd1+ Kc6 44. Kg1 Re2 45. h3 Kc7 46.
Kh2 Re3 47. h4 Rc3 48. g3 Kc6 49. Kh3 Rc2 50. h5 Rc5 51. Kh4 Rf5 52. g4 Rf8 53.
h6 1-0

[Event "Mistrovstvi Cech 2019 - HD12"]
[Site "Prichovice u Korenova"]
[Date "2019.10.30"]
[Round "5"]
[White "Slosar, Jan"]
[Black "Jun, Rostislav"]
[Result "1/2-1/2"]
[WhiteElo "1173"]
[BlackElo "1324"]
[EventDate "2019.10.26"]
[PlyCount "103"]

1. d4 d5 2. c4 e6 3. Nc3 Nf6 4. Bg5 Be7 5. Nf3 O-O 6. e3 a6 7. Bd3 Nbd7 8. O-O
dxc4 9. Bxc4 b5 10. Bd3 Bb7 11. Qe2 c5 12. e4 cxd4 13. Nxd4 Nc5 14. Rad1 Qxd4
15. e5 Rfe8 16. Bxh7+ Nxh7 17. Rxd4 Nxg5 18. b4 Na4 19. Nxa4 bxa4 20. a3 a5 21.
bxa5 Ba6 22. Qd1 Bxf1 23. Kxf1 Rxa5 24. Rxa4 Rd5 25. Rd4 Red8 26. Rxd5 Rxd5 27.
Qa4 Rd8 28. f4 Nh7 29. Kf2 Bc5+ 30. Ke2 Rd4 31. Qb5 Bxa3 32. Ke3 Rb4 33. Qf1
Rb2 34. h4 Bc5+ 35. Kd3 Bb6 36. Kc3 Rf2 37. Qb1 Be3 38. g3 Rf3 39. h5 Rxg3 40.
f5 Bf4+ 41. Kd4 Be3+ 42. Ke4 exf5+ 43. Kxf5 Bh6 44. Ke4 Rg5 45. Qd1 g6 46. hxg6
Rxg6 47. Kf5 Rg5+ 48. Ke4 f6 49. Qd5+ Kh8 50. Qd8+ Bf8 51. exf6 Rg6 52. Kf5
1/2-1/2

[Event "Mistrovstvi Cech 2019 - HD14"]
[Site "Prichovice u Korenova"]
[Date "2019.10.30"]
[Round "5"]
[White "Hlavina, Matous"]
[Black "Hak, David"]
[Result "1/2-1/2"]
[WhiteElo "1983"]
[BlackElo "2018"]
[EventDate "2019.10.26"]

1. e4 c5  2. Nf3  d6  3. d4
cxd4  4. Nxd4  Nf6
5. Nc3  a6  6. Be2
e5  7. Nb3  Be6
8. Bg5  Be7  9. Bxf6  Bxf6
10. O-O  O-O  11. Qd3
Nc6  12. Nd5  Bxd5
13. Qxd5  Qc7  14. c3
Rfd8  15. Bf3  b5
16. Rfd1  Qb6  17. a3
a5  18. Nd2  a4
19. Nf1  Na5  20. Qd3  Bg5
21. Be2  Nb3  22. Rab1
Nc5  23. Qc2  Ne6
24. g4  Rac8  25. Rd3
Qc6  26. Bf3  Qc4
27. Nd2  Qc6  28. Nf1
Rc7  29. Qe2  Qc4
30. Nd2  Qa2  31. Qd1
Nc5  32. Rd5  f5
33. exf5  Bxd2  34. Rxd2
e4  35. Be2  Nb3
36. Rd5  Rc5 37. Rxc5  Nxc5
38. Bxb5  d5  39. Qc2
Rb8  40. Bc6  Rb6
41. Be8  1/2-1/2

[Event "Mistrovstvi Cech 2019 - HD14"]
[Site "Prichovice u Korenova"]
[Date "2019.10.30"]
[Round "5"]
[White "Svacina, Tobias"]
[Black "Prochazka, Vojtech"]
[Result "0-1"]
[WhiteElo "1538"]
[BlackElo "1763"]
[EventDate "2019.10.26"]

1. e4  e5  2. Nc3  Nf6
3. f4  d5  4. fxe5
Nxe4  5. Qf3  f5
6. Nh3  g6  7. d3
Nxc3  8. bxc3  d4
9. Bg5  Be7  10. Bxe7
Qxe7  11. cxd4  Qb4+
12. Kd1  Qxd4  13. Rb1
Nc6  14. Rb5  Qa1+
15. Kd2  Nd4  16. Qd5
c6  0-1

[Event "Mistrovstvi Cech 2019 - HD14"]
[Site "Prichovice u Korenova"]
[Date "2019.10.30"]
[Round "5"]
[White "Stocek, Martin"]
[Black "Smolik, Jachym"]
[Result "1/2-1/2"]
[WhiteElo "1726"]
[BlackElo "1900"]
[EventDate "2019.10.26"]

1. d4  Nf6  2. c4  e6
3. Nc3  Bb4  4. Nf3
O-O  5. e3  b6
6. Be2  Bb7  7. O-O  d6
8. Bd2  Nbd7  9. a3
Bxc3  10. Bxc3  Ne4
11. Qc2  f5  12. Nd2
Nxd2  13. Qxd2  Qg5
14. d5  exd5  15. Bf3
Kh8  16. Bxd5  c6
17. Bf3  Ne5  18. Bxe5
dxe5  19. Qd7  e4
20. Bxe4  fxe4  21. Qxb7
Qc5  22. Rac1  a5
23. b4  Qd6  24. Rcd1
Qe6  25. Qd7  Qxc4
26. Qd4  Qb3  27. Qxb6
Qxa3  28. bxa5  Qxa5
29. Qxc6  Qf5  30. Qd5
Qg6  31. Rd4  Rae8
32. Qd6  Rf6  33. Qg3
Qf7  34. Qg4  Rg6
35. Qf4  1/2-1/2

[Event "Mistrovstvi Cech 2019 - HD14"]
[Site "Prichovice u Korenova"]
[Date "2019.10.30"]
[Round "5"]
[White "Soucek, Petr"]
[Black "Zalusky, Matej"]
[Result "1-0"]
[WhiteElo "1816"]
[BlackElo "1617"]
[EventDate "2019.10.26"]

1. e4  c5  2. Nf3  Nc6
3. d4  cxd4  4. Nxd4
Nf6  5. Nc3  g6
6. Be3  Bg7  7. f3  O-O
8. Qd2  d6  9. O-O-O
a6  10. Kb1  Bd7
11. g4  b5  12. h4
h5  13. Nd5  Nxe4
14. fxe4  Nxd4  15. Bxd4
Bxg4  16. Bxg7  Kxg7
17. Be2  Bxe2  18. Qxe2
Kh7  19. Rdg1  Rg8
20. Nf4  Kh6  21. Rg5
f6  22. Rxh5+  1-0

[Event "Mistrovstvi Cech 2019 - HD14"]
[Site "Prichovice u Korenova"]
[Date "2019.10.30"]
[Round "5"]
[White "Dolensky, Filip"]
[Black "Prazak, Daniel"]
[Result "1/2-1/2"]
[WhiteElo "1609"]
[BlackElo "1725"]
[EventDate "2019.10.26"]

1. f4 e6 2. Nf3 d5 3. g3 c5 4. Bg2 Nc6 5. O-O Nf6 6. d3 Be7 7. Nc3 d4 8. Ne4 Nxe4
9. dxe4 b6 10. b3 Qc7 11. Bb2 Ba6 12. Re1 Rd8 13. e3 dxe3 14. Qc1 Nd4 15. c4 e2
16. Nxd4 cxd4 17. Qd2 b5 18. Rac1 bxc4 19. bxc4 Bc5 20. Qd3 O-O 21. Rxe2 Rd7 22.
Kh1 Rb8 23. Bh3 1/2-1/2

[Event "Mistrovstvi Cech 2019 - HD14"]
[Site "Prichovice u Korenova"]
[Date "2019.10.30"]
[Round "5"]
[White "Simunek, Jakub Simon"]
[Black "Werner, Hong Quan Dan"]
[Result "0-1"]
[WhiteElo "1543"]
[BlackElo "1699"]
[EventDate "2019.10.26"]

1. d4  Nf6  2. Nf3  g6
3. Nc3  Bg7  4. e4
d6  5. Bf4  O-O
6. Qd2  Re8  7. Bh6  Bh8
8. h4  Ng4  9. h5
Nd7  10. hxg6  hxg6
11. Qg5  Nf8  12. Bxf8
Bf6  13. Qf4  Rxf8
14. e5  Bg7  15. Bc4
b5  16. Bd5  dxe5
17. dxe5  c6  18. Bb3
Bf5  19. e6  fxe6
20. Rd1  Bxc3+  21. bxc3
Qxd1+  22. Kxd1  Bxc2+
23. Kxc2  Rxf4  24. Bxe6+
Kg7  25. Rh4  Rxf3
26. gxf3  Nf6  27. c4
g5  28. Rd4  c5
29. Rd3  b4  30. Bd5  Rd8
31. Re3  Nxd5  32. cxd5
Kf6  33. Re6+  Kf5
34. Rxe7  Rxd5  35. Rxa7
Kf4  36. Rf7+  Rf5
37. Rd7  Kxf3  38. Rd2
c4  39. a4  bxa3
40. Kb1  Rb5+ 0-1

[Event "Mistrovstvi Cech 2019 - HD14"]
[Site "Prichovice u Korenova"]
[Date "2019.10.30"]
[Round "5"]
[White "Stejskal, Michal"]
[Black "Juchelka, Marek"]
[Result "1-0"]
[WhiteElo "1691"]
[BlackElo "1604"]
[EventDate "2019.10.26"]

1. Nf3 d5 2. d3 c5 3. Nbd2 Nc6 4. e4 e6 5. g3 Nge7 6. Bg2 g6 7. O-O Bg7 8. Re1
O-O 9. Qe2 d4 10. e5 Qc7 11. Nc4 b5 12. Nd6 Ba6 13. Bf4 Nc8 14. Ne4 Qb6 15. Nf6+
Bxf6 16. exf6 Bb7 17. Qd2 Qd8 18. Ne5 Qe8 19. Bh6 1-0

[Event "Mistrovstvi Cech 2019 - HD14"]
[Site "Prichovice u Korenova"]
[Date "2019.10.30"]
[Round "5"]
[White "Jirasko, Miroslav"]
[Black "Pejrimovska, Viola Ruby"]
[Result "1-0"]
[WhiteElo "1640"]
[BlackElo "1583"]
[EventDate "2019.10.26"]

1. e4  c5  2. Nf3  e6
3. d4  cxd4  4. Nxd4
a6  5. Bd3  d6
6. Qe2  Nf6  7. c4  b6
8. Nc3  Bb7  9. O-O
Be7  10. Be3  O-O
11. f4  Nc6  12. Rad1
Nd7  13. Rf3  Nc5
14. Bb1  Qc7  15. Rh3
Nxd4  16. Bxd4  f5
17. exf5  exf5  18. Qh5
h6  19. Bxg7  Kxg7
20. Rg3+  1-0

[Event "Mistrovstvi Cech 2019 - HD14"]
[Site "Prichovice u Korenova"]
[Date "2019.10.30"]
[Round "5"]
[White "Vilimek, Vit"]
[Black "Sip, Marek"]
[Result "1-0"]
[WhiteElo "1631"]
[BlackElo "1553"]
[EventDate "2019.10.26"]

1. e4  c6  2. d4  d5
3. Nc3  dxe4  4. Nxe4
Bf5  5. Ng3  Bg6
6. h4  h6  7. N1e2
Nd7  8. Nf4  Bh7
9. Bc4  Ngf6  10. O-O
e6  11. Bxe6  Be7
12. Bb3  O-O  13. Nfh5
Nxh5  14. Nxh5  Bg6
15. Qg4  Kh7  16. g3
f5  17. Qf3  Qe8
18. Nf4  Bf7  19. Re1
Bxb3  20. axb3  Qf7
21. Ne6  Rg8  22. h5
Bd6  23. Bf4  Bxf4
24. Nxf4  Nf6  25. Ng6
Ne4  26. Rxe4  1-0

[Event "Mistrovstvi Cech 2019 - HD14"]
[Site "Prichovice u Korenova"]
[Date "2019.10.30"]
[Round "5"]
[White "Benes, Jachym"]
[Black "Valdman, Jakub"]
[Result "1-0"]
[WhiteElo "1656"]
[BlackElo "1357"]
[EventDate "2019.10.26"]

1. d4  d5  2. c4  e6
3. Nc3  Nf6  4. Bg5
Be7  5. e3  Nbd7
6. cxd5  exd5  7. Bd3
c6  8. Qc2  h6
9. Bh4  b5  10. Nf3  Bb7
11. h3  a6  12. Bg3
c5  13. dxc5  Nxc5
14. Rd1  Nxd3+  15. Rxd3
O-O  16. O-O  Qc8
17. Qd1  Rd8  18. Nd4
Ne4  19. Nxe4  dxe4
20. Rc3  Qd7  21. Rc7
Qe8  22. Rxb7  Rd7
23. Rxd7  Qxd7  24. Qc2 1-0

[Event "Mistrovstvi Cech 2019 - HD14"]
[Site "Prichovice u Korenova"]
[Date "2019.10.30"]
[Round "5"]
[White "Le, Anh Dung"]
[Black "Vaclavik, Jan"]
[Result "0-1"]
[WhiteElo "1575"]
[BlackElo "1797"]
[EventDate "2019.10.26"]

1. e4 c5 2. Nf3 Nc6 3. d4 cxd4 4. Nxd4 e5 5. Nb5 d6 6. N1c3 a6 7. Na3 Be7 8. Be2
b5 9. Nd5 Nf6 10. Nxf6+ Bxf6 11. c3 O-O 12. O-O Be6 13. Nc2 Qe7 14. f4 exf4 15.
Bxf4 Rfd8 16. Bf3 Rac8 17. Kh1 b4 18. Nd4 bxc3 19. Nxc6 Rxc6 20. bxc3 Rxc3 21.
Rb1 Qc7 22. Qa4 Be5 23. Bd2 Rc5 24. Qxa6 Bc4 25. Qa4 Bxf1 26. Rxf1 Qc6 27. Qb3
Qb5 28. Qd1 Ra8 29. Be2 Qa4 30. Qe1 Qxa2 31. Qf2 Rc2 0-1

[Event "Mistrovstvi Cech 2019 - HD14"]
[Site "Prichovice u Korenova"]
[Date "2019.10.30"]
[Round "5"]
[White "Markova, Karolina"]
[Black "Pecka, Jan"]
[Result "1/2-1/2"]
[WhiteElo "1455"]
[BlackElo "1634"]
[EventDate "2019.10.26"]

1. e4  e5  2. Nf3  Nc6
3. d4  exd4  4. Bc4
Nf6  5. e5  d5
6. Bb5  Ne4  7. Nxd4  Bc5
8. Bxc6+  bxc6  9. O-O
Bd7  10. Be3  Qe7
11. f3  Ng5  12. f4
Ne6  13. Kh1  Nxd4
14. Bxd4  Bf5  15. c3
O-O  16. b4  Bxd4
17. Qxd4  a5  18. Nd2
axb4  19. cxb4  Ra3 20. Nb3
Rb8  21. Nc5  Rba8
22. Rf2  Bc8  23. f5
f6  24. e6  Ba6
25. Rf3  Bc4  26. Rxa3  Rxa3
27. Qb2  Re3  28. a4
Qd6  29. Qd4  Qe5
30. Qxe5  fxe5  31. a5
d4  32. a6  Bxa6
33. Nxa6  d3  34. Nc5
Kf8  35. Kg1  e4
36. Nd7+  Ke7  37. Ne5
Re2  38. Kf1  Rc2
39. Ng4  Rb2  40. Nf2
Rxb4  41. Re1  d2
42. Rd1  e3  43. Nd3
Rb5  44. g4  h5
45. h3  hxg4  46. hxg4  g6
47. fxg6  Kxe6  48. Ke2
Kf6  49. Kxe3  Kxg6
50. Rxd2  Kg5  51. Kf3
Rb3  52. Ke4  Kxg4
53. Ne5+  Kg5  54. Rg2+
Kf6  55. Rg6+  Ke7
56. Rxc6  Rb4+  57. Kf5
Rb1  58. Rxc7+  Kd6
59. Rd7+  Kc5  60. Nd3+
Kc6  61. Ke6  Rh1
62. Ne5+  Kc5  63. Rd5+
Kb4  64. Rd2  Kc3
65. Rd3+  Kc2  66. Rg3
Kd2  67. Kd5  Rh5
68. Kd4  Rh4+  69. Ng4
Ke2  70. Kc3  Rh8
71. Re3+  Kf1  72. Ne5
Kf2  73. Kd2  Rd8+
74. Nd3+  Kf1  75. Re2
Rd7  76. Rh2  Kg1
77. Re2  Kf1  78. Rf2+ 1/2-1/2

[Event "Mistrovstvi Cech 2019 - HD14"]
[Site "Prichovice u Korenova"]
[Date "2019.10.30"]
[Round "5"]
[White "Duriancik, Michal"]
[Black "Bednar, Milos"]
[Result "1-0"]
[WhiteElo "1593"]
[BlackElo "1573"]
[EventDate "2019.10.26"]

1. Nf3  c5  2. e4  Nc6
3. d4  cxd4  4. Nxd4
Nf6  5. Nc3  Qb6
6. Nb3  a6  7. Be3
Qc7  8. Be2  d6
9. O-O  g6  10. Qd2  h6
11. h3  b5  12. Rad1
b4  13. Nd5  Nxd5
14. exd5  Ne5  15. Bd4
f6  16. Bxe5  dxe5
17. Qxb4  e6  18. Qc4
Qxc4  19. Bxc4  exd5
20. Bxd5  Ra7  21. Be4
f5  22. Bd5  Rc7
23. c3  Bb7  24. Rfe1
Bg7  25. Bxb7  Rxb7
26. Rd6  Kf7  27. Rxa6
Rhb8  28. Rd1  Rb6
29. Ra7+  R6b7  30. Rd7+
Rxd7  31. Rxd7+  Kf6
32. Rd2  Bf8  33. Kf1
h5  34. Ke2  e4
35. Nd4  Bh6  36. Rc2  g5
37. b4  Bf8  38. b5
Ba3  39. c4  Ra8
40. c5  Ke5  41. Nb3
f4  42. c6  Bd6
43. b6  Rc8  44. b7  Rb8
45. c7  Bxc7  46. Rxc7
Kd6  47. Rh7  h4
48. a4  Kc6  49. a5
Rxb7  50. Rxb7  Kxb7
51. Nc5+  1-0

[Event "Mistrovstvi Cech 2019 - HD14"]
[Site "Prichovice u Korenova"]
[Date "2019.10.30"]
[Round "5"]
[White "Papousek, Michal"]
[Black "Zemanova, Nikola"]
[Result "1-0"]
[WhiteElo "1717"]
[BlackElo "1490"]
[EventDate "2019.10.26"]

1. d4 d5 2. c4 e6 3. Nc3 Nf6 4. Nf3 b6 5. Bf4 Bb4 6. Qa4+ Nbd7 7. Qxb4 c5 8. dxc5
bxc5 9. Qa3 dxc4 10. e3 Nd5 11. Nxd5 exd5 12. Be2 Qb6 13. O-O O-O 14. Rfd1 Nf6
15. b3 cxb3 16. Qxb3 Qxb3 17. axb3 Be6 18. Bd6 Rfc8 19. Ba6 Rd8 20. Bb7 Rxd6 21.
Bxa8 Rd7 22. Ng5 Rc7 23. Ra6 Bc8 24. Rd6 Rd7 25. Rxd7 Bxd7 26. Bxd5 Nxd5 27. Rxd5
Be8 28. Rxc5 1-0

[Event "Mistrovstvi Cech 2019 - HD14"]
[Site "Prichovice u Korenova"]
[Date "2019.10.30"]
[Round "5"]
[White "Hauser, Matthias"]
[Black "Winter, Ondrej"]
[Result "0-1"]
[WhiteElo "1383"]
[BlackElo "1806"]
[PlyCount "158"]
[EventDate "2019.10.26"]

1. e4 c5 2. c3 d5 3. exd5 Qxd5 4. d4 Nf6 5. Nf3 Bg4 6. Be3 cxd4 7. cxd4 Nc6 8.
Nc3 Qa5 9. Be2 e6 10. a3 Be7 11. O-O O-O 12. Qb3 Rab8 13. Rfd1 Rfd8 14. Rd2 Nd5
15. Nxd5 Qxd5 16. Qxd5 Rxd5 17. Rad1 Rbd8 18. h3 Bf5 19. Kf1 Bf6 20. Ke1 Kf8
21. g4 Bg6 22. Bc4 R5d7 23. Bb5 Be4 24. Bxc6 bxc6 25. Ke2 Rb8 26. Ne1 Rb3 27.
f3 Bg6 28. Rc1 Rc7 29. Bf4 Rc8 30. Bd6+ Ke8 31. Ng2 Kd7 32. Bb4 Bg5 33. f4 Be7
34. Rc3 Rxc3 35. Bxc3 Rb8 36. Ne3 Be4 37. Kf2 Rb3 38. Nd1 Bd6 39. Ke3 f5 40. g5
Kc7 41. Rf2 Kb6 42. Rd2 Kb5 43. h4 a5 44. Nf2 Bd5 45. Nd3 Bxa3 46. Nc5 Bxc5 47.
dxc5 Kxc5 48. Rd4 Kb5 49. Rd1 c5 50. Ra1 a4 51. Kd2 g6 52. Ke3 Bc6 53. Kd3 Be4+
54. Ke3 a3 55. Rxa3 Rxa3 56. bxa3 Ka4 57. Kd2 Kxa3 58. Be5 Kb3 59. Bf6 Kc4 60.
Be5 Kd5 61. Kc3 Bb1 62. Bb8 Ke4 63. Kc4 Kf3 64. Kxc5 Kg4 65. Kd6 Kxf4 66. Kxe6+
Kg4 67. Ke5 Bc2 68. Bd6 Be4 69. Bf8 Ba8 70. Bg7 f4 71. Ke6 Kxh4 72. Bd4 Kxg5
73. Ke5 h5 74. Bf2 Kg4 75. Kd4 Kf3 76. Bh4 Kg2 77. Kd3 f3 78. Ke3 g5 79. Bf2 h4
0-1

[Event "Mistrovstvi Cech 2019 - HD14"]
[Site "Prichovice u Korenova"]
[Date "2019.10.30"]
[Round "5"]
[White "Zelbova, Lada"]
[Black "Fotr, Michal"]
[Result "1-0"]
[WhiteElo "1571"]
[BlackElo "1430"]
[PlyCount "77"]
[EventDate "2019.10.26"]

1. d4 d5 2. Bf4 Nf6 3. e3 Bf5 4. Bd3 Bxd3 5. Qxd3 e6 6. Nf3 Be7 7. h3 O-O 8.
Nbd2 c5 9. c3 Qb6 10. Rb1 Nc6 11. O-O Rac8 12. Rfe1 Rfd8 13. Kh1 g6 14. g4 h5
15. Ne5 Kg7 16. f3 Bd6 17. Nxc6 Qxc6 18. Bxd6 Qxd6 19. Kg2 hxg4 20. hxg4 Rh8
21. Rh1 Nd7 22. dxc5 Nxc5 23. Qd4+ e5 24. Nc4 exd4 25. Nxd6 Rxh1 26. Rxh1 Rc6
27. cxd4 Rxd6 28. dxc5 Rc6 29. b4 a5 30. a3 axb4 31. axb4 b6 32. Rc1 bxc5 33.
Rxc5 Rxc5 34. bxc5 Kf8 35. Kf2 Ke7 36. Ke2 Kd7 37. Kd3 f6 38. f4 f5 39. g5 1-0

[Event "Mistrovstvi Cech 2019 - HD14"]
[Site "Prichovice u Korenova"]
[Date "2019.10.30"]
[Round "5"]
[White "Svoboda, Jan"]
[Black "Dedek, Jan"]
[Result "0-1"]
[WhiteElo "1368"]
[BlackElo "1542"]
[EventDate "2019.10.26"]
[PlyCount "38"]

1. c4 g6 2. Nf3 Bg7 3. g3 c5 4. Bg2 Nc6 5. d3 d6 6. Nc3 e5 7. O-O Nge7 8. Nh4
O-O 9. f4 f5 10. Nf3 Kh8 11. Bd2 Be6 12. e4 a6 13. a3 Rb8 14. Nd5 exf4 15. Nxf4
Bg8 16. Ng5 Qd7 17. Qc1 Nd4 18. Bc3 fxe4 19. Bxe4 Rxf4 0-1